header

Flying drunk (Record no. 132396)

MARC details
000 -LEADER
fixed length control field 01365nam a2200361 a 4500
082 04 - DEWEY DECIMAL CLASSIFICATION NUMBER
Classification number 362.292092
-- B
100 1# - MAIN ENTRY--AUTHOR NAME
Personal name Balzer, Joseph Wesley.
245 10 - TITLE STATEMENT
Title Flying drunk
250 ## - EDITION STATEMENT
Edition statement 2nd ed.
260 ## - PUBLICATION, DISTRIBUTION, ETC. (IMPRINT)
Place of publication New York :
Name of publisher Savas Beatie,
Year of publication c2009.
300 ## - PHYSICAL DESCRIPTION
Number of Pages xiii, 225 p. :
Other physical details ill., port.
500 ## - GENERAL NOTE
General note First printing.
650 #0 - SUBJECT ADDED ENTRY--TOPICAL TERM
Topical Term Air pilots
Topical Term Alcoholics
856 40 - ELECTRONIC LOCATION AND ACCESS
Uniform Resource Identifier http://site.ebrary.com/lib/rucke/Doc?id=10498899

No items available.

© 2026 Rongo University
Contact us: librarian | system librarian | Rongo university